00700nam a2200193 a 450000100100000000500170001000800410002702000150006804000250008308200210010810000300012924500900015925000110024926000390026030000280029970000430032795201190037099900170048900003624920200930075630.0120111s1981 dr a 000 0 spa d a9682507227 aDO-SdBNPbspacBNPHU axxxbB873e, 19811 aBrooks, Shirley M.96235010aEnfermeria de quirofano /cShirley M. Brooks ; Traducción Santiago Sapiña Renard. a4a ed. aMéxico :bInteramericana,c1981. a175 p. :bil. ;c26 cm.1 aSapiña Renard, Santiago,etr.962351 0010718PDaGRbGRcCTd2012-01-11iLF1l0oxxx B873e, 1981p36249-10r2020-06-25w2020-06-25yLFPDZNo se presta c35740d35740